Szczegóły MARC21

Kodeks postępowania cywilnego : komentarz. T. 2, Art. 478-1217 /

003 -Nazwa inst., której nr kontr. jest w polu 001 [,]
    • @
    • Nazwa instytucji, której n kontrolny jest w polu 001
    • NUKAT
005 -DATA I CZAS OSTATNIEJ MODYFIKACJI [,]
    • @
    • pole kontrolne
    • 20241231092500.0
020 -Międzynarod. znormalizowany nr książki - ISBN [ , ]
    • a
    • Numer ISBN
    • 9788381877336 Find
040 -Instytucja sporządzająca opis [ , ]
    • a
    • Instytucja, która sporządziła opis (NP)
    • KAT U/24AG
    • b
    • Język katalogowania
    • pol
    • e
    • Zasady katalogowania
    • rda
    • c
    • Instytucja, która sporządziła rekord (NP)
    • KAT U/24AGs
    • d
    • Instytucja, która zmodyfikowała rekord (P)
    • KAT U/24AG
    • d
    • Instytucja, która zmodyfikowała rekord (P)
    • WR U/PAdap
942 -Rodzaj dokumentu [ , ]
    • c
    • Rodzaj dokumentu
    • Książka
245 -Strefa tytułu i oznaczenia odpowiedzialności [0,0]
    • a
    • Tytuł
    • Kodeks postępowania cywilnego : Find
    • b
    • Ciąg dalszy tytułu (NP)
    • komentarz. Find
    • n
    • Oznaczenie części (P)
    • T. 2,
    • p
    • Nazwa części (P)
    • Art. 478-1217 /
    • c
    • Pozostałe elementy strefy tytułu i oznaczenia odpowiedzialności (NP)
    • redakcja naukowa Małgorzata Manowska ; Andrzej Adamczuk, Małgorzata Manowska, Piotr Pruś, Marcin Radwan, Małgorzata Sieńko, Ewa Stefańska.
250 -Strefa wydania [ , ]
    • a
    • Oznaczenie wydania (NP)
    • 4. wydanie, stan prawny na 2 listopada 2020 r.
260 -Strefa adresu wydawniczego [ , ]
    • a
    • Miejsce wydania (P)
    • Warszawa :
    • b
    • Nazwa wydawcy (P)
    • Wolters Kluwer,
    • c
    • Data wydania (P)
    • 2021.
300 -Strefa opisu fizycznego [ , ]
    • a
    • Określenie formy książki i/lub objętość (NP)
    • 1800, [1] strona ;
    • c
    • Format (NP)
    • 25 cm.
336 -Typ zawartości [ , ]
    • a
    • Termin opisujący typ zawartości
    • Tekst
    • b
    • Kod określający zawartość
    • txt
    • 2
    • Źródło (terminu i kodu)
    • rdacontent
337 -Typ mediów [ , ]
    • a
    • Tryb odtwarzania
    • Bez urządzenia pośredniczącego
    • b
    • Kod typu mediów
    • n
    • 2
    • Źródło (terminu i kodu)
    • rdamedia
338 -Typ/rodzaj nośnika [ , ]
    • a
    • Hasło opisujące typ nośnika
    • Wolumin
    • b
    • Kod typu nośnika
    • nc
    • 2
    • Źródło (terminu i kodu)
    • rdacarrier
500 -Uwaga ogólna [ , ]
    • a
    • Uwaga ogólna (NP)
    • W komentarzu uwzględniono również nowelizacje k.p.c., które wejdą w życie 30.11.2020 r. (Dz.U. z 2020 r. poz. 956), 20.02.2021 r. (Dz.U. z 2019 r. poz. 2070), 28.02.2021 r. (Dz.U. z 2019 r. poz. 1798), 1.03.2021 r. (Dz.U. z 2018 r. poz. 398, Dz.U. z 2019 r. poz. 1655), 1.07.2021 r. (Dz.U. z 2018 r. poz. 398, Dz.U. z 2019 r. poz.55), 30.10.2021 r. (Dz.U. z 2019 r. poz. 2070).
504 -Uwaga dot. bibliogr. załącznikowej [ , ]
    • a
    • Uwaga dot. bibliografii załącznikowej
    • Bibliografia przy rozdziałach. Indeks.
521 -Uwaga dot. przeznaczenia czytelniczego [8, ]
    • a
    • Uwaga dot. przeznaczenia czytelniczego
    • Dla sędziów, radców prawnych, adwokatów, referendarzy sądowych, asystentów sędziów, komorników oraz aplikantów.
650 -Hasło przedmiotowe [ ,7]
    • a
    • Hasło przedmiotowe
    • Postępowanie cywilne
    • z
    • Określnik geograficzny
    • Polska
    • y
    • Określnik chronologiczny
    • 1990-
    • v
    • Określnik formalny
    • kodeksy.
    • 2
    • Źródło terminu
    • kaba
    • 9
    • KHW
    • 389453
650 -Hasło przedmiotowe [ ,7]
    • a
    • Hasło przedmiotowe
    • Postępowanie cywilne
    • x
    • Określnik rzeczowy
    • interpretacja
    • z
    • Określnik geograficzny
    • Polska
    • y
    • Określnik chronologiczny
    • 1990-.
    • 2
    • Źródło terminu
    • kaba
    • 9
    • KHW
    • 360788
700 -Hasło dodatkowe - nazwa osobowa [1, ]
    • a
    • Nazwa osobowa (NP)
    • Manowska, Małgorzata. Find
    • e
    • Określenie rodzaju współpracy
    • Autor
    • e
    • Określenie rodzaju współpracy
    • Redakcja
    • 9
    • KHW
    • 14367
700 -Hasło dodatkowe - nazwa osobowa [1, ]
    • a
    • Nazwa osobowa (NP)
    • Radwan, Marcin. Find
    • e
    • Określenie rodzaju współpracy
    • Autor
    • 9
    • KHW
    • 90618
700 -Hasło dodatkowe - nazwa osobowa [1, ]
    • a
    • Nazwa osobowa (NP)
    • Sieńko, Małgorzata Find
    • c
    • Dopowiedzenie inne niż daty biograficzne (NP)
    • (prawo).
    • e
    • Określenie rodzaju współpracy
    • Autor
    • 9
    • KHW
    • 496916
700 -Hasło dodatkowe - nazwa osobowa [1, ]
    • a
    • Nazwa osobowa (NP)
    • Stefańska, Ewa Find
    • c
    • Dopowiedzenie inne niż daty biograficzne (NP)
    • (prawnik).
    • e
    • Określenie rodzaju współpracy
    • Autor
    • 9
    • KHW
    • 54765
700 -Hasło dodatkowe - nazwa osobowa [1, ]
    • a
    • Nazwa osobowa (NP)
    • Pruś, Piotr. Find
    • e
    • Określenie rodzaju współpracy
    • Autor
    • 9
    • KHW
    • 90619
700 -Hasło dodatkowe - nazwa osobowa [1, ]
    • a
    • Nazwa osobowa (NP)
    • Adamczuk, Andrzej. Find
    • e
    • Określenie rodzaju współpracy
    • Autor
    • 9
    • KHW
    • 28404
710 -Hasło dodatkowe - nazwa ciała zbiorowego [2, ]
    • a
    • Nazwa ciała zbiorowego lub nazwa geograficzna jako pierwszy element (NP)
    • Wolters Kluwer Polska.
    • e
    • Rodzaj współpracy
    • Wydawca
    • 4
    • Kod relacji
    • pbl
    • 9
    • KHW
    • 52677
856 -Dostęp do wersji elektronicznej [4,8]
    • 3
    • Wyszczególnienie materiału
    • Okładka
856 -Dostęp do wersji elektronicznej [4,1]
    • 3
    • Wyszczególnienie materiału
    • Spis treści
920 -ISBN [ , ]
    • a
    • ISBN
    • 978-83-8187-733-6 Find
Numer inwentarzowy Lokalizacja Status udost. Sygnatura Data inwentaryzacji
SA.25512BSA1SA.255122021-05-18